[Event "Trundle_Qualifiers_2012"]
[Site "?"]
[Date "2012.09.29"]
[Round "1.2"]
[White "Koop, Thorben"]
[Black "King, Matthew"]
[Result "1/2-1/2"]
[WhiteElo "2127"]
[BlackElo "1968"]
[PlyCount "69"]
[EventDate "2012.09.29"]
[SourceDate "2012.09.29"]

1. Nf3 Nf6 2. g3 d5 3. Bg2 g6 4. O-O Bg7 5. d4 O-O 6. c4 c6 7. Nc3 Ne4 8. cxd5
cxd5 9. e3 Nxc3 10. bxc3 Nc6 11. e4 dxe4 12. Ng5 Bf5 13. g4 Bd7 14. Nxe4 Na5
15. Nc5 Bc6 16. Bxc6 bxc6 17. Qa4 Qc8 18. f3 Nb7 19. Nxb7 Qxb7 20. Ba3 Rfe8 21.
Rae1 e6 22. Bd6 Qb5 23. Qc2 Qc4 24. Be5 c5 25. Bxg7 Kxg7 26. Qe4 cxd4 27. Qxd4+
Qxd4+ 28. cxd4 Red8 29. Re4 Rd5 30. Rc1 Rad8 {(=)} 31. Rc4 R8d7 32. Kf2 Rb5 33.
Re2 Rbd5 34. Rd2 e5 35. Ke3 {Draw.} 1/2-1/2

[Event "Trundle_Qualifiers_2012"]
[Site "?"]
[Date "2012.09.29"]
[Round "1.3"]
[White "Pinic, Noel"]
[Black "Dordevic, Ivan"]
[Result "1-0"]
[WhiteElo "2087"]
[BlackElo "2085"]
[PlyCount "75"]
[EventDate "2012.09.29"]
[SourceDate "2012.09.29"]

1. e4 c5 2. Nc3 Nc6 3. g3 g6 4. Bg2 Bg7 5. Nge2 e6 6. O-O d6 7. d3 Nge7 8. Be3
Nd4 9. Qd2 O-O 10. Rab1 a5 11. Nd1 e5 12. c3 Nxe2+ 13. Qxe2 Be6 14. c4 Nc6 15.
Nc3 Nd4 16. Qd1 Qd7 17. f4 exf4 18. Bxf4 b5 19. cxb5 Nxb5 20. Nxb5 Qxb5 21.
Bxd6 Bxa2 22. Ra1 Bb3 23. Qd2 Rfd8 24. e5 Ra6 25. Be4 c4 26. d4 Raxd6 27. exd6
Rxd6 28. Rxa5 Bxd4+ 29. Qxd4 Rxd4 30. Rxb5 Rxe4 31. Rb8+ Kg7 32. Rb7 Re2 33.
Rfxf7+ Kh6 34. h4 Kh5 35. Rf2 Re3 36. Kg2 h6 37. Rf3 g5 38. Rxe3 {Resigns.} 1-0

[Event "Trundle_Qualifiers_2012"]
[Site "?"]
[Date "2012.09.29"]
[Round "1.5"]
[White "Thornton, Gino"]
[Black "Perry, Roger"]
[Result "1-0"]
[WhiteElo "2142"]
[BlackElo "2007"]
[PlyCount "75"]
[EventDate "2012.09.29"]
[SourceDate "2012.09.29"]

1. Nf3 c5 2. c4 Nc6 3. g3 g6 4. Bg2 Bg7 5. O-O e5 6. Nc3 Nge7 7. a3 O-O 8. Rb1
a5 9. Ne1 d6 10. Nc2 Be6 11. Ne3 Qd7 12. Ned5 Rab8 13. Qa4 b6 14. d3 Bh3 15.
Ne4 Nxd5 16. Bxh3 Qxh3 17. Qxc6 Ne7 18. Qxd6 Nf5 19. Qd7 Rfd8 20. Qxf7+ Kh8 21.
Ng5 Qh5 22. Qe6 Rf8 23. f3 Nd4 24. Nf7+ Rxf7 25. Qxf7 Nxe2+ 26. Kg2 Nd4 27. Bd2
Rf8 28. Qd5 Qf5 29. Qe4 Qf6 30. b4 axb4 31. axb4 h5 32. bxc5 bxc5 33. Rb7 Rf7
34. Rxf7 Qxf7 35. f4 exf4 36. Bxf4 Qe6 37. Bg5 Qd7 38. Qxg6 {Resigns.} 1-0

[Event "Trundle_Qualifiers_2012"]
[Site "?"]
[Date "2012.09.29"]
[Round "1.4"]
[White "Bennett, Hilton"]
[Black "Duneas, John"]
[Result "1/2-1/2"]
[WhiteElo "1959"]
[BlackElo "2089"]
[PlyCount "93"]
[EventDate "2012.09.29"]
[SourceDate "2012.09.29"]

1. e4 d6 2. f4 Nf6 3. Nc3 e5 4. Nf3 Bg4 5. Bc4 Nc6 6. h3 Bxf3 7. Qxf3 Nd4 8.
Qd1 c6 9. d3 d5 10. exd5 cxd5 11. fxe5 dxc4 12. exf6 Qxf6 13. Ne4 Qb6 14. c3
Nc6 15. d4 Be7 16. O-O O-O 17. Kh1 Rad8 18. Qe2 Na5 19. Bf4 Qc6 20. Ng3 Rde8
21. Nf5 Bf6 22. Qg4 Re4 23. Ng3 Re6 24. Qh5 Qb6 25. d5 Ree8 26. d6 Nc6 27. Qd5
Be5 28. Qxc4 Bxf4 29. Qxf4 Qxb2 30. Rab1 Qxc3 31. Rxb7 Re1 32. Rc7 Rxf1+ 33.
Nxf1 Qe5 34. Qxe5 Nxe5 35. Rxa7 Rd8 36. Ne3 g6 37. Ra6 Kg7 38. Kg1 Kf6 39. Nd5+
Ke6 40. Nc7+ Kf5 {(=)} 41. Nb5 Ke4 42. Ra7 h5 43. Rc7 Kd5 44. Kf2 g5 45. a4 f5
46. Rc2 Nc6 47. Rd2+ {Draw.} 1/2-1/2

[Event "George Trundle Masters 2012"]
[Site "Auckland, NZL"]
[Date "2012.09.29"]
[Round "1.1"]
[White "Lane, Gary W"]
[Black "Green, Ewen M"]
[Result "1/2-1/2"]
[WhiteElo "2391"]
[BlackElo "2258"]
[PlyCount "79"]
[EventDate "2012.??.??"]

1. e4 e5 2. Nf3 Nc6 3. Bb5 a6 4. Ba4 Nf6 5. O-O Be7 6. Re1 b5 7. Bb3 d6 8. c3
O-O 9. d4 Bg4 10. d5 Nb8 11. a4 Nbd7 12. h3 Bh5 13. Nbd2 Bg6 14. Bc2 Qc8 15.
Nh4 Nh5 16. Nf5 Bxf5 17. exf5 Nhf6 18. Nf1 Nb6 19. Ne3 Qb7 20. axb5 axb5 21.
Rxa8 Rxa8 22. Bb3 h6 23. Qf3 Na4 24. Bc2 Nc5 25. b4 Na4 26. Ng4 Nxg4 27. Qxg4
Kf8 28. Qf3 Bf6 29. Bb3 Nb6 30. Rd1 Ra1 31. Qe4 Bg5 32. Bxg5 Rxd1+ 33. Bxd1
hxg5 34. Bf3 Qa8 35. Kh2 Qa2 36. h4 Qxf2 37. hxg5 Nxd5 38. Qxd5 Qh4+ 39. Kg1
Qe1+ 40. Kh2 1/2-1/2

[Event "George Trundle Masters 2012"]
[Site "Auckland, NZL"]
[Date "2012.09.29"]
[Round "1.2"]
[White "Steadman, Michael"]
[Black "Smith, Robert W"]
[Result "1-0"]
[WhiteElo "2200"]
[BlackElo "2214"]
[PlyCount "105"]
[EventDate "2012.??.??"]

1. d4 Nf6 2. c4 e6 3. Nc3 Bb4 4. f3 d5 5. a3 Be7 6. e4 dxe4 7. fxe4 e5 8. d5
Bc5 9. Be2 Ng4 10. Bxg4 Qh4+ 11. g3 Qxg4 12. Qxg4 Bxg4 13. h3 Bh5 14. g4 Bg6
15. Nf3 Nd7 16. Ke2 Bd4 17. Nb5 O-O 18. Nfxd4 exd4 19. Nxc7 Rac8 20. Bf4 Bxe4
21. Rhd1 d3+ 22. Ke3 Bg6 23. Rac1 Nb6 24. Kd4 Rfd8 25. b3 a6 26. c5 Na8 27.
Nxa8 Rxa8 28. Re1 Rd7 29. c6 bxc6 30. Rxc6 f6 31. d6 Kf7 32. Kc5 Re8 33. Rxe8
Kxe8 34. Rxa6 Be4 35. Ra4 f5 36. Rd4 Rb7 37. d7+ Rxd7 38. Rxd7 Kxd7 39. g5 Bf3
40. b4 Bd1 41. b5 Ke6 42. Kb4 Bf3 43. a4 Kd5 44. a5 Ke4 45. Bd2 Kd5 46. a6 Kd6
47. Bf4+ Kd7 48. b6 Kc8 49. Kc5 Bg2 50. h4 Bf3 51. Kd6 d2 52. Bxd2 Be2 53. b7+
1-0

[Event "George Trundle Masters 2012"]
[Site "Auckland, NZL"]
[Date "2012.09.29"]
[Round "1.3"]
[White "Li, Zuhao Luke"]
[Black "Johansen, Darryl K"]
[Result "1/2-1/2"]
[WhiteElo "2249"]
[BlackElo "2446"]
[PlyCount "53"]
[EventDate "2012.??.??"]

1. d4 Nf6 2. c4 d6 3. Nc3 e5 4. Nf3 Nbd7 5. e4 g6 6. Be2 Bg7 7. O-O O-O 8. Be3
c6 9. h3 exd4 10. Bxd4 Re8 11. Bd3 Ne5 12. Nxe5 dxe5 13. Be3 Nh5 14. Be2 Nf4
15. Qxd8 Rxd8 16. Rfd1 Nxe2+ 17. Nxe2 Be6 18. b3 b6 19. a4 Bf6 20. Nc3 Be7 21.
Rxd8+ Rxd8 22. Rd1 Rb8 23. Kf1 Kf8 24. Ke2 Ke8 25. Kd3 h5 26. Kc2 h4 27. f3
1/2-1/2

[Event "George Trundle Masters 2012"]
[Site "Auckland, NZL"]
[Date "2012.09.29"]
[Round "1.4"]
[White "Watson, Bruce R"]
[Black "Hague, Ben"]
[Result "0-1"]
[WhiteElo "2300"]
[BlackElo "2314"]
[PlyCount "118"]
[EventDate "2012.??.??"]

1. c4 e5 2. Nc3 Nc6 3. Nf3 g6 4. d4 exd4 5. Nxd4 Bg7 6. Nxc6 bxc6 7. g3 Ne7 8.
Bg2 O-O 9. O-O d6 10. Qa4 Bd7 11. Qa5 Re8 12. Rd1 Nf5 13. c5 Qc8 14. Bf4 Rb8
15. Rab1 d5 16. Qxc7 Qxc7 17. Bxc7 Rb7 18. Bf4 Nd4 19. e3 Bf5 20. Rbc1 Ne6 21.
b3 Nxf4 22. gxf4 Bg4 23. Rd2 Rb4 24. Kf1 a5 25. Bxd5 Bxc3 26. Rxc3 cxd5 27.
Rxd5 Bf3 28. Rd6 a4 29. Rd4 Rxd4 30. exd4 Bc6 31. bxa4 Ra8 32. Ra3 Rd8 33. a5
Rxd4 34. Ke2 Kg7 35. Ke3 Rc4 36. a6 Rxc5 37. a7 Ba8 38. Kd4 Rc2 39. Ra5 Rxf2
40. a4 Rxf4+ 41. Kc3 Rh4 42. Kb3 Rxh2 43. Rb5 h5 44. Rb8 Bd5+ 45. Kb4 h4 46.
Rd8 Be4 47. Re8 Bf3 48. Re3 Rb2+ 49. Ka3 Rb7 50. a8=Q Rb3+ 51. Rxb3 Bxa8 52. a5
g5 53. a6 g4 54. Rb4 f5 55. Rb7+ Kg6 56. Rb8 Bg2 57. a7 h3 58. Rb2 Kg7 59. Rf2
Ba8 0-1

[Event "George Trundle Masters 2012"]
[Site "Auckland, NZL"]
[Date "2012.09.29"]
[Round "1.5"]
[White "Chan, Peng Kong"]
[Black "Reilly, Tim"]
[Result "1/2-1/2"]
[WhiteElo "2245"]
[BlackElo "2251"]
[PlyCount "45"]
[EventDate "2012.??.??"]

1. d4 d6 2. Nf3 g6 3. g3 Bg7 4. Bg2 f5 5. O-O Nf6 6. b3 O-O 7. Bb2 e5 8. dxe5
Ng4 9. Na3 Nxe5 10. Nxe5 dxe5 11. Qxd8 Rxd8 12. Nb5 Na6 13. Rad1 Re8 14. Bd5+
Kh8 15. Bf7 Rf8 16. Ba3 c5 17. Bc4 e4 18. Nd6 Nb4 19. Nf7+ Kg8 20. Nh6+ Kh8 21.
Nf7+ Kg8 22. Nh6+ Kh8 23. Nf7+ 1/2-1/2

[Event "George Trundle Masters 2012"]
[Site "Auckland, NZL"]
[Date "2012.09.30"]
[Round "2.1"]
[White "Green, Ewen M"]
[Black "Reilly, Tim"]
[Result "1/2-1/2"]
[WhiteElo "2258"]
[BlackElo "2251"]
[PlyCount "43"]
[EventDate "2012.??.??"]

1. d4 d6 2. e4 Nf6 3. Bd3 g6 4. c3 Bg7 5. Nf3 O-O 6. O-O Nc6 7. h3 e5 8. Re1 h6
9. Na3 Nh5 10. Nc4 b5 11. Ne3 exd4 12. cxd4 Rb8 13. Ng4 Kh7 14. Be3 Nb4 15. Bb1
f5 16. Nxh6 f4 17. Bd2 Kxh6 18. Bxb4 c5 19. Bd2 cxd4 20. g4 Be5 21. a4 Ng7 22.
axb5 1/2-1/2

[Event "George Trundle Masters 2012"]
[Site "Auckland, NZL"]
[Date "2012.09.30"]
[Round "2.2"]
[White "Hague, Ben"]
[Black "Chan, Peng Kong"]
[Result "1-0"]
[WhiteElo "2314"]
[BlackElo "2245"]
[PlyCount "89"]
[EventDate "2012.??.??"]

1. d4 Nf6 2. Nf3 e6 3. e3 b6 4. Bd3 Bb7 5. O-O Be7 6. c4 O-O 7. Nc3 d5 8. b3
Nbd7 9. Bb2 c5 10. cxd5 exd5 11. Qe2 Ne4 12. Rfd1 Nxc3 13. Bxc3 Bf6 14. Rac1
Rc8 15. dxc5 Bxc3 16. Rxc3 Rxc5 17. Rxc5 Nxc5 18. Bb1 Qf6 19. Nd4 g6 20. Qg4
Re8 21. h3 Kf8 22. Qg3 Qe5 23. Qh4 Kg7 24. Nf3 Qf6 25. Qg3 Ne4 26. Qc7 Qe7 27.
Rc1 Nc5 28. Qg3 Qf6 29. Nd4 Kf8 30. b4 Ne4 31. Bxe4 dxe4 32. Rc7 Bd5 33. a4 Re7
34. Rc8+ Kg7 35. Qb8 Rd7 36. Rg8+ Kh6 37. Qf8+ Kg5 38. Rh8 Qe7 39. h4+ Kg4 40.
Qh6 Qe5 41. Rc8 f6 42. Ne2 Bc4 43. Ng3 Bd3 44. Re8 Qd6 45. Qh5+ 1-0

[Event "George Trundle Masters 2012"]
[Site "Auckland, NZL"]
[Date "2012.09.30"]
[Round "2.3"]
[White "Johansen, Darryl K"]
[Black "Watson, Bruce R"]
[Result "1/2-1/2"]
[WhiteElo "2446"]
[BlackElo "2300"]
[PlyCount "81"]
[EventDate "2012.??.??"]

1. c4 Nf6 2. Nf3 e6 3. d4 Bb4+ 4. Nbd2 b6 5. a3 Bxd2+ 6. Bxd2 Bb7 7. Bg5 d6 8.
e3 Nbd7 9. Bh4 O-O 10. Be2 a5 11. b3 Qe8 12. O-O Ne4 13. Rc1 f5 14. Nd2 g5 15.
Nxe4 Bxe4 16. Bxg5 Qg6 17. h4 h6 18. f3 hxg5 19. fxe4 gxh4 20. exf5 Rxf5 21.
Rxf5 Qxf5 22. Bg4 Qg6 23. d5 Nc5 24. dxe6 Qg5 25. Rc3 Re8 26. Bh3 Nxe6 27. b4
axb4 28. axb4 Ng7 29. Qf3 Nh5 30. Qd5+ Qxd5 31. cxd5 Re4 32. Rxc7 Rxb4 33. Be6+
Kf8 34. Kf2 Ng3 35. Kf3 Ne4 36. Rf7+ Ke8 37. Rb7 Ng5+ 38. Ke2 Rb2+ 39. Kf1 Rb1+
40. Ke2 Rb2+ 41. Kf1 1/2-1/2

[Event "George Trundle Masters 2012"]
[Site "Auckland, NZL"]
[Date "2012.09.30"]
[Round "2.4"]
[White "Smith, Robert W"]
[Black "Li, Zuhao Luke"]
[Result "1/2-1/2"]
[WhiteElo "2214"]
[BlackElo "2249"]
[PlyCount "56"]
[EventDate "2012.??.??"]

1. e4 e5 2. Nf3 Nc6 3. d4 exd4 4. Bc4 Nf6 5. e5 d5 6. Bb5 Ne4 7. Nxd4 Bd7 8.
Bxc6 bxc6 9. O-O Be7 10. f3 Ng5 11. f4 Ne4 12. Nc3 Bc5 13. Nxe4 dxe4 14. Be3
Bg4 15. Qxg4 Bxd4 16. Qg3 O-O 17. Rad1 Bxe3+ 18. Qxe3 Qb8 19. b3 Qb6 20. Rd4
Rad8 21. Rfd1 f5 22. exf6 gxf6 23. Kf2 Rxd4 24. Qxd4 f5 25. c4 Re8 26. Qe3 Kf7
27. c5 Qa5 28. a4 Qb4 1/2-1/2

[Event "George Trundle Masters 2012"]
[Site "Auckland, NZL"]
[Date "2012.09.30"]
[Round "2.5"]
[White "Lane, Gary W"]
[Black "Steadman, Michael"]
[Result "1-0"]
[WhiteElo "2391"]
[BlackElo "2200"]
[PlyCount "65"]
[EventDate "2012.??.??"]

1. e4 e6 2. d4 d5 3. Nd2 Nc6 4. Ngf3 Nf6 5. e5 Nd7 6. Be2 f6 7. exf6 Qxf6 8.
Nf1 Bd6 9. Ne3 O-O 10. O-O h6 11. Ng4 Qe7 12. c4 Qe8 13. g3 b6 14. Nh4 Bb7 15.
Bd3 Ne7 16. Re1 h5 17. Ne3 Qf7 18. Qc2 Qf6 19. cxd5 g5 20. Ng6 Nxg6 21. Bxg6
Qxd4 22. Bxh5 exd5 23. Qg6+ Qg7 24. Qe6+ Kh8 25. Nf5 Qf6 26. Qxf6+ Rxf6 27.
Nxd6 Rxd6 28. Bxg5 Nc5 29. Re7 Rd7 30. Rae1 Rf8 31. b4 Rxe7 32. Bxe7 Nd3 33.
Re3 1-0

[Event "Trundle_Qualifiers_2012"]
[Site "?"]
[Date "2012.09.30"]
[Round "2.1"]
[White "Gao, Hans"]
[Black "Perry, Roger"]
[Result "1/2-1/2"]
[WhiteElo "2017"]
[BlackElo "2007"]
[PlyCount "88"]
[EventDate "2012.09.29"]
[SourceDate "2012.09.29"]

1. e4 c5 2. Nc3 Nc6 3. Bb5 Nd4 4. Bc4 a6 5. Nf3 b5 6. Bd5 Rb8 7. d3 e6 8. Bb3
Nxb3 9. axb3 d6 10. O-O Be7 11. Bf4 e5 12. Nxe5 Bb7 13. Nf3 Nf6 14. Re1 O-O 15.
Nd2 Ra8 16. Qf3 Qd7 17. h3 Rfe8 18. Nf1 d5 19. Rad1 d4 20. Ne2 Qc6 21. Neg3 g6
22. Nd2 Bf8 23. Bg5 Bg7 24. Ne2 h6 25. Bf4 Nd7 26. h4 Ne5 27. Qg3 Kh7 28. Nf3
Nxf3+ 29. Qxf3 Qe6 30. Bh2 f5 31. exf5 Bxf3 32. fxe6 Bg4 33. f3 Bxe6 34. Bd6 c4
35. bxc4 bxc4 36. Kf2 cxd3 37. Rxd3 Bc4 38. Rdd1 Rad8 39. Bc5 d3 40. cxd3 Rxd3
41. Rxd3 Bxd3 42. b4 Bb5 43. Nf4 Rxe1 44. Kxe1 a5 {Draw.} 1/2-1/2

[Event "Trundle_Qualifiers_2012"]
[Site "?"]
[Date "2012.09.30"]
[Round "2.2"]
[White "Duneas, John"]
[Black "Thornton, Gino"]
[Result "0-1"]
[WhiteElo "2089"]
[BlackElo "2142"]
[PlyCount "84"]
[EventDate "2012.09.29"]
[SourceDate "2012.09.29"]

1. d4 Nf6 2. c4 e6 3. Nf3 b6 4. g3 Bb7 5. Bg2 Be7 6. O-O O-O 7. Nc3 Ne4 8. Qc2
Nxc3 9. Qxc3 Be4 10. Bf4 d6 11. Rfd1 Nd7 12. b4 f5 13. h4 h6 14. Qd2 Nf6 15.
Rac1 Qe8 16. c5 Qb5 17. cxd6 cxd6 18. Bxh6 gxh6 19. Qxh6 Qxe2 20. Qg6+ Kh8 21.
Ng5 Qh5 22. Qxh5+ Nxh5 23. Nxe6 Rg8 24. f3 Rxg3 25. fxe4 Rag8 26. Rd2 fxe4 27.
Rc7 e3 28. Rdc2 Bxh4 29. Kh2 Rxg2+ 30. Rxg2 Rxg2+ 31. Kxg2 e2 32. Rc8+ Kh7 33.
Ng5+ Bxg5 34. Kf2 Nf4 35. Re8 Bh4+ 36. Kf3 e1=Q 37. Rxe1 Bxe1 38. Kxf4 Bxb4 39.
Ke4 Kg6 40. Kd5 Kf5 41. a4 a5 42. Kc6 Ke4 {Resigns.} 0-1

[Event "Trundle_Qualifiers_2012"]
[Site "?"]
[Date "2012.09.30"]
[Round "2.3"]
[White "Dordevic, Ivan"]
[Black "Bennett, Hilton"]
[Result "0-1"]
[WhiteElo "2085"]
[BlackElo "1959"]
[PlyCount "62"]
[EventDate "2012.09.29"]
[SourceDate "2012.09.29"]

1. e4 d5 2. exd5 Nf6 3. Nf3 Nxd5 4. d4 g6 5. c4 Nf6 6. Nc3 Bg7 7. Be3 O-O 8.
Be2 Bg4 9. Qd2 Nc6 10. d5 Bxf3 11. gxf3 Ne5 12. O-O-O c6 13. Bd4 Ned7 14. h4
cxd5 15. cxd5 h5 16. f4 Bh6 17. Be3 Qc7 18. Rhg1 Kh7 19. f5 Bxe3 20. fxe3 Rg8
21. Rg5 Ne4 22. fxg6+ fxg6 23. Qc2 Nxg5 24. d6 Qc5 25. dxe7 Qxe3+ 26. Qd2 Qxd2+
27. Rxd2 Ne5 28. hxg5 Rge8 29. Nd5 Rac8+ 30. Rc2 Rxc2+ 31. Kxc2 Kg7 {Resigns.}
0-1

[Event "Trundle_Qualifiers_2012"]
[Site "?"]
[Date "2012.09.30"]
[Round "2.4"]
[White "King, Mathew"]
[Black "Pinic, Noel"]
[Result "1/2-1/2"]
[WhiteElo "1968"]
[BlackElo "2087"]
[Annotator "\"]
[PlyCount "78"]
[EventDate "2012.09.29"]
[SourceDate "2012.09.29"]

1. e4 c6 2. d4 d5 3. e5 Bf5 4. Nf3 e6 5. Be2 c5 6. O-O Nc6 7. Be3 Qb6 8. Nc3 c4
9. b3 Qa5 10. Bd2 Bb4 11. Nb1 cxb3 12. cxb3 Nge7 13. a3 Bxd2 14. Qxd2 Qb6 15.
Nc3 a6 16. b4 O-O 17. h3 Rac8 18. Na4 Qa7 19. Nc5 Rc7 20. g4 Bg6 21. Nh4 Nb8
22. Nxg6 hxg6 23. Rac1 b6 24. Nb3 Rfc8 25. Rxc7 Qxc7 26. Rc1 Qd7 27. Rxc8+ Qxc8
28. a4 Qd7 29. b5 axb5 30. axb5 Qc7 31. Bd3 Nd7 32. Qb4 Nc8 33. Kg2 g5 34. Qd2
f6 35. exf6 gxf6 36. h4 Qd8 37. hxg5 fxg5 38. Qe3 Kf7 39. Nd2 Qg8 {Draw.}
1/2-1/2

[Event "Trundle_Qualifiers_2012"]
[Site "?"]
[Date "2012.09.30"]
[Round "2.5"]
[White "Goodhue, Nathan"]
[Black "Koop, Thorben"]
[Result "0-1"]
[WhiteElo "1990"]
[BlackElo "2127"]
[PlyCount "98"]
[EventDate "2012.09.29"]
[SourceDate "2012.09.29"]

1. b3 e5 2. Bb2 Nc6 3. g3 d5 4. Bg2 Nf6 5. e3 Be6 6. Ne2 Qd7 7. h3 O-O-O 8. d3
d4 9. e4 Bb4+ 10. Nd2 Ne8 11. a3 Bxd2+ 12. Qxd2 Nd6 13. f4 f6 14. f5 Bf7 15. b4
h5 16. a4 g6 17. b5 Ne7 18. g4 hxg4 19. hxg4 Rxh1+ 20. Bxh1 Rh8 21. Ng3 gxf5
22. gxf5 Nd5 23. O-O-O Ne3 24. Rg1 a6 25. bxa6 Qxa4 26. axb7+ Kxb7 27. Nf1 Ndc4
28. dxc4 Nxc4 29. Qe1 Ra8 30. Nd2 Ne3 31. Nb3 Bxb3 32. cxb3 Qc6+ 33. Bc3 Ra1+
34. Kb2 dxc3+ 35. Kxa1 Nc2+ 36. Kb1 Nxe1 37. Rxe1 Qb6 38. Re2 Qg1+ 39. Kc2 Qxh1
40. Kxc3 Qf3+ 41. Kd2 Qxb3 42. Re3 Qb2+ 43. Kd3 c5 44. Re2 Qd4+ 45. Kc2 c4 46.
Rh2 Qd3+ 47. Kb2 c3+ 48. Kc1 Qxe4 49. Rh5 Qe3+ {Resigns.} 0-1

[Event "George Trundle Masters 2012"]
[Site "Auckland, NZL"]
[Date "2012.10.01"]
[Round "3.1"]
[White "Steadman, Michael"]
[Black "Green, Ewen M"]
[Result "1-0"]
[WhiteElo "2200"]
[BlackElo "2258"]
[PlyCount "71"]
[EventDate "2012.??.??"]

1. d4 Nf6 2. c4 c5 3. d5 b5 4. cxb5 a6 5. bxa6 g6 6. Nc3 Bxa6 7. Nf3 Bg7 8. g3
d6 9. Bg2 Nfd7 10. O-O O-O 11. Bd2 Nb6 12. b3 N8d7 13. Re1 Nf6 14. Nh4 Ra7 15.
h3 Qd7 16. Qc2 e6 17. dxe6 Qxe6 18. e4 Nbd7 19. Nf3 Ne8 20. Rad1 Ne5 21. Ng5
Qd7 22. Bf4 Nc6 23. Qd2 Nd4 24. e5 Bb7 25. Nge4 dxe5 26. Nxc5 Qc8 27. Bxe5 Bxg2
28. Qxd4 Ba8 29. Kh2 Ra5 30. b4 Ra3 31. Nd5 Bxd5 32. Qxd5 Nc7 33. Qd2 Qa8 34.
Bxc7 Rxa2 35. Qe3 Bh6 36. Bf4 1-0

[Event "George Trundle Masters 2012"]
[Site "Auckland, NZL"]
[Date "2012.10.01"]
[Round "3.2"]
[White "Li, Zuhao Luke"]
[Black "Lane, Gary W"]
[Result "1/2-1/2"]
[WhiteElo "2249"]
[BlackElo "2391"]
[PlyCount "39"]
[EventDate "2012.??.??"]

1. d4 d5 2. c4 c6 3. Nf3 Nf6 4. Nc3 dxc4 5. a4 Bf5 6. Ne5 Nbd7 7. Nxc4 Qc7 8.
g3 e5 9. dxe5 Nxe5 10. Bf4 Nfd7 11. Bg2 f6 12. O-O g5 13. Ne3 Be6 14. Bxe5 Nxe5
15. a5 Be7 16. a6 O-O 17. Ned5 cxd5 18. Nxd5 Bxd5 19. Qxd5+ Nf7 20. Rfc1
1/2-1/2

[Event "George Trundle Masters 2012"]
[Site "Auckland, NZL"]
[Date "2012.10.01"]
[Round "3.3"]
[White "Watson, Bruce R"]
[Black "Smith, Robert W"]
[Result "1/2-1/2"]
[WhiteElo "2300"]
[BlackElo "2214"]
[PlyCount "106"]
[EventDate "2012.??.??"]

1. c4 Nf6 2. Nc3 d5 3. cxd5 Nxd5 4. Nf3 g6 5. Qa4+ Bd7 6. Qh4 Nxc3 7. dxc3 Nc6
8. e4 f6 9. Bc4 e5 10. Be3 Qe7 11. Nd2 O-O-O 12. f3 h5 13. O-O-O Be6 14. Qf2 a6
15. Qe2 Bxc4 16. Qxc4 Rh7 17. Nb3 Rxd1+ 18. Rxd1 Qf7 19. Qd3 Qd7 20. Bc5 Qxd3
21. Rxd3 Bh6+ 22. Kc2 Rd7 23. Bf2 b6 24. a4 a5 25. Bh4 f5 26. Rxd7 Kxd7 27. Kd3
Nb8 28. Na1 Ke6 29. Nc2 Nd7 30. Bf2 Bf8 31. b3 Bc5 32. Be1 Bg1 33. exf5+ gxf5
34. h3 Kd5 35. c4+ Ke6 36. b4 axb4 37. Bxb4 Bc5 38. Bc3 Be7 39. a5 Nc5+ 40. Ke2
bxa5 41. Bxa5 c6 42. Nb4 Kd7 43. Nd3 Ke6 44. Nxc5+ Bxc5 45. Kd3 Bg1 46. g4 e4+
47. Ke2 exf3+ 48. Kxf3 fxg4+ 49. hxg4 hxg4+ 50. Kxg4 Ke5 51. Kf3 Bc5 52. Bc3+
Bd4 53. Bb4 Ba7 1/2-1/2

[Event "George Trundle Masters 2012"]
[Site "Auckland, NZL"]
[Date "2012.10.01"]
[Round "3.4"]
[White "Chan, Peng Kong"]
[Black "Johansen, Darryl K"]
[Result "1/2-1/2"]
[WhiteElo "2245"]
[BlackElo "2446"]
[PlyCount "30"]
[EventDate "2012.??.??"]

1. e4 e6 2. d4 d5 3. Nd2 Nc6 4. Ngf3 Nf6 5. e5 Nd7 6. Bb5 Be7 7. O-O a6 8. Bxc6
bxc6 9. Re1 O-O 10. Nb3 c5 11. Na5 Qe8 12. Nc6 Bb7 13. Nxe7+ Qxe7 14. Bg5 Qe8
15. c3 cxd4 1/2-1/2

[Event "George Trundle Masters 2012"]
[Site "Auckland, NZL"]
[Date "2012.10.01"]
[Round "3.5"]
[White "Reilly, Tim"]
[Black "Hague, Ben"]
[Result "0-1"]
[WhiteElo "2251"]
[BlackElo "2314"]
[PlyCount "60"]
[EventDate "2012.??.??"]

1. d4 d5 2. c4 e6 3. Nc3 c5 4. cxd5 exd5 5. Nf3 Nc6 6. g3 Nf6 7. Bg2 Be7 8. O-O
O-O 9. Bg5 c4 10. Ne5 Be6 11. b3 h6 12. Bf4 Qa5 13. Nxc6 bxc6 14. Rc1 Ba3 15.
Rc2 Bf5 16. e4 cxb3 17. axb3 dxe4 18. Nb1 Bb4 19. Rxc6 Rac8 20. Rxc8 Rxc8 21.
Nd2 Rc3 22. Nc4 Qa2 23. Qa1 Qxa1 24. Rxa1 Rxb3 25. Nd6 Bc3 26. Rc1 Bg6 27. Be3
Bb4 28. Rc8+ Kh7 29. Nc4 Rb1+ 30. Bf1 Bf5 0-1

[Event "Trundle_Qualifiers_2012"]
[Site "?"]
[Date "2012.10.01"]
[Round "3.1"]
[White "Koop, Thorben"]
[Black "Gao, Hans"]
[Result "0-1"]
[WhiteElo "2087"]
[BlackElo "2017"]
[PlyCount "72"]
[EventDate "2012.09.29"]
[EventRounds "3"]
[SourceDate "2012.09.29"]

1. Nf3 Nf6 2. g3 g6 3. Bg2 Bg7 4. O-O O-O 5. d4 d6 6. a4 c6 7. a5 Nbd7 8. Nbd2
Qc7 9. Nc4 Rd8 10. c3 e5 11. dxe5 Nxe5 12. Ncxe5 dxe5 13. Qa4 h6 14. Qh4 Ng4
15. Ra4 Bf6 16. Qh3 h5 17. Bg5 Bxg5 18. Nxg5 Ne3 19. Qh4 Nxf1 20. Bxf1 Rd1 21.
g4 Qd7 22. gxh5 f6 23. Ne4 Qh3 24. Nxf6+ Kf7 25. hxg6+ Kxg6 26. Rg4+ Bxg4 27.
Qxg4+ Qxg4+ 28. Nxg4 Ra1 29. f3 Re8 30. Kf2 Rxa5 31. e3 Ra2 32. Bd3+ Kg7 33. h4
Rxb2+ 34. Kg3 a5 35. h5 Rh8 36. Kh4 a4 {Resigns.} 0-1

[Event "Trundle_Qualifiers_2012"]
[Site "?"]
[Date "2012.10.01"]
[Round "3.2"]
[White "Pinic, Noel"]
[Black "Goodhue, Nathan"]
[Result "0-1"]
[WhiteElo "2087"]
[BlackElo "1990"]
[PlyCount "102"]
[EventDate "2012.09.29"]
[EventRounds "3"]
[SourceDate "2012.09.29"]

1. Nc3 g6 2. d4 Bg7 3. Nf3 d6 4. h3 a6 5. e4 b5 6. Bd3 Nd7 7. O-O e6 8. Bg5 Ne7
9. Qd2 h6 10. Bh4 c6 11. d5 cxd5 12. exd5 Bxc3 13. Qxc3 e5 14. Qb4 Nb6 15. c4
g5 16. Bg3 bxc4 17. Bxc4 Nxc4 18. Qxc4 Bb7 19. Rad1 Ng6 20. Rfe1 O-O 21. Nd2 f5
22. f3 Qd7 23. Bf2 Nf4 24. Nb1 Rfc8 25. Qb3 a5 26. Nc3 Ba6 27. Na4 Rab8 28. Qa3
Rc2 29. Re3 Rb4 30. b3 g4 31. fxg4 fxg4 32. Rc1 Rxc1+ 33. Qxc1 Ne2+ 34. Rxe2
Bxe2 35. Qxh6 gxh3 36. gxh3 Qg7+ 37. Qxg7+ Kxg7 38. Be1 Rd4 39. Bxa5 Rxd5 40.
Bb4 Ba6 41. Nc3 Rd3 42. Kf2 {(=)} d5 43. h4 Kf6 44. Ba5 Kf5 45. Na4 Rh3 46. b4
Rh2+ 47. Ke1 Rxa2 48. Nc3 Ra1+ 49. Kd2 d4 50. Nd5 Ra2+ 51. Kc1 Bc4 {Resigns.}
0-1

[Event "Trundle_Qualifiers_2012"]
[Site "?"]
[Date "2012.10.01"]
[Round "3.3"]
[White "Bennett, Hilton"]
[Black "King, Mathew"]
[Result "1/2-1/2"]
[WhiteElo "1959"]
[BlackElo "1968"]
[PlyCount "70"]
[EventDate "2012.09.29"]
[EventRounds "3"]
[SourceDate "2012.09.29"]

1. e4 c5 2. Nc3 d6 3. f4 g6 4. Nf3 Bg7 5. Bc4 Nc6 6. d3 Nf6 7. O-O O-O 8. Qe1
Nd4 9. Nxd4 cxd4 10. Nb1 d5 11. exd5 Nxd5 12. Na3 Ne3 13. Bxe3 dxe3 14. c3 Qb6
15. d4 Qxb2 16. Qc1 Qxc1 17. Raxc1 Bf5 18. Rce1 a6 19. Rxe3 b5 20. Bd3 Bxd3 21.
Rxd3 Rac8 22. Rfd1 Rc7 23. Kf1 Rfc8 24. Nb1 a5 25. a3 e6 26. Ke2 {(=)} Bf8 27.
d5 exd5 28. Rxd5 b4 29. axb4 axb4 30. cxb4 Bxb4 31. Rd8+ Kg7 32. Rxc8 Rxc8 33.
Rd4 Re8+ 34. Kf3 Bc5 35. Rd3 Rb8 {Draw.} 1/2-1/2